Emmy - Best Supporting Actress (Drama) Quiz Stats

 Plays Quiz Updated Sep 18, 2018

Score 0/50 Timer 06:00
1 Play Today
Year Actress % Correct
2016Maggie Smith
79.4%
2012Maggie Smith
69.4%
2000Allison Janney
67.8%
2001Allison Janney
67.8%
2014Anna Gunn
58%
2018Thandie Newton
53.5%
2013Anna Gunn
52.4%
2015Uzo Aduba
46.8%
1996Tyne Daly
46.3%
2003Tyne Daly
46.3%
2002Stockard Channing
45.2%
2007Katherine Heigl
44.1%
2017Ann Dowd
42.2%
1995Julianna Margulies
40%
1998Camryn Manheim
33.4%
1997Kim Delaney
30.9%
2011Margo Martindale
30%
2009Cherry Jones
29.1%
2010Archie Panjabi
27.6%
1978Nancy Marchand
24.8%
1980 Nancy Marchand
24.8%
1981Nancy Marchand
24.8%
1982Nancy Marchand
24.8%
1990Marg Helgenberger
24.3%
1988Patricia Wettig
23.9%
Year Actress % Correct
2005Blythe Danner
22.5%
2006Blythe Danner
22.5%
2019Julia Garner
22.5%
2004Drea de Matteo
22.2%
1977 Kristy McNichol
21.8%
1979Kristy McNichol
21.8%
1973Ellen Corby
21.6%
1975Ellen Corby
21.6%
1976Ellen Corby
21.6%
2008Dianne Wiest
20.2%
1985Betty Thomas
19.4%
1999Holland Taylor
17.8%
1983Doris Roberts
13.6%
1989Melanie Mayron
13%
1984Alfre Woodard
11.8%
1970Gail Fisher
11.2%
1986Bonnie Bartlett
10.8%
1987Bonnie Bartlett
10.8%
1993Mary Alice
8.8%
1994Leigh Taylor-Young
8%
1972Jenny Agutter
7.3%
1991Madge Sinclair
7%
1992Valerie Mahaffey
6.9%
1971Margaret Leighton
5.7%
1974Joanna Miles
5.6%

You're not logged in!

Compare scores with friends on all Sporcle quizzes.
OR
Log In

Sporcle TV

Today on Sporcle TV


Watch our educational content, quiz creation guides, and fun videos on Sporcle TV.

Show Comments

Extras

Top Quizzes Today


Score Distribution

Your Account Isn't Verified!

In order to create a playlist on Sporcle, you need to verify the email address you used during registration. Go to your Sporcle Settings to finish the process.

Report this User

Report this user for behavior that violates our Community Guidelines.

Details: